000
00311nam a22001337a 4500
008
180314b xxu||||| |||| 00| 0 eng d
020
_a
9780397550036
041
_a
eng
080
_2
2nd
_a
610.73
100
_a
1
101
_a
INF
245
_a
Health assessment a nursing approach
_c
Fuller,J
942
_2
udc
_c
BK
999
_c
44940
_d
44940